000
00267nam a2200097Ia 4500
082
_a
322.42|MAZI
245
0
_a
Spring offensive
100
_a
MAZIBUKO, Nokuthula Limpopo, South Africa, 2006
_9
45771
942
_c
BK
008
210817s9999 xx 000 0 und d
999
_c
168518
_d
168517